Explotación sexual comercial: Aprendizajes y recomendaciones /
Guardado en:
| Hovedforfatter: | |
|---|---|
| Format: | Bog |
| Sprog: | Spanish |
| Udgivet: |
[San José, Costa Rica] :
Universidad de Costa Rica, Escuela de Psicología,
2006
|
| Fag: | |
| Tags: |
Tilføj Tag
Ingen Tags, Vær først til at tagge denne postø!
|
MARC
| LEADER | 00000nam a2200000 4500 | ||
|---|---|---|---|
| 008 | 160425b2006 cr |a||| |||| 00| | spa d | ||
| 999 | |c 3157 |d 3157 | ||
| 090 | |a 02.04.02 |b 1260 | ||
| 100 | 1 | |9 2665 |a Claramunt, María Cecilia | |
| 245 | 1 | 0 | |a Explotación sexual comercial: Aprendizajes y recomendaciones / |c María Cecilia Claramunt |
| 260 | |a [San José, Costa Rica] : |b Universidad de Costa Rica, Escuela de Psicología, |c 2006 | ||
| 300 | |a 25 hojas | ||
| 650 | 1 | 4 | |9 58 |a ABUSO SEXUAL |
| 650 | 1 | 4 | |a NIÑOS |9 59 |
| 650 | 1 | 4 | |9 60 |a NIÑAS |
| 650 | 1 | 4 | |9 5 |a ADOLESCENTES |
| 650 | 1 | 4 | |9 570 |a DERECHOS DEL NIÑO |
| 650 | 1 | 4 | |9 290 |a INVESTIGACIÓN SOCIAL |
| 942 | |i 002987,002011 |h 02.04.02 1260 |2 z |c 01 | ||
